| 000 | 00761nam a22002177a 4500 | ||
|---|---|---|---|
| 001 | 47651 | ||
| 003 | BD-RjUL | ||
| 005 | 20211209054348.0 | ||
| 008 | 160809s1980 bg ||||| |||| 00| 0 ben d | ||
| 035 | _a(BD-RjUL)47770 | ||
| 040 |
_aBD-RjUL _bben _cBD-RjUL |
||
| 041 | _aben | ||
| 082 |
_223 _a810 _bCHA 1980 |
||
| 100 |
_aচৌধুরী, করীর _9144802 |
||
| 245 |
_aআধুনিক মার্কিন সাহিত্য / _cকরীর চৌধুরী |
||
| 260 |
_aঢাকা : _bসন্ধানী প্রকাশনী , _c১৯৮০ |
||
| 300 |
_a১১৩ পৃ.; _c২২ সেমি. |
||
| 650 |
_aআমেরিকান সাহিত্য _9122987 |
||
| 650 |
_aAmerican literature _9119019 |
||
| 942 |
_2ddc _cBK |
||
| 999 |
_c47651 _d47651 |
||